| 000 | 00916nam a2200265Ia 4500 | ||
|---|---|---|---|
| 020 | _a1569735824 | ||
| 040 | _cNHP | ||
| 082 | _a333 WOR 2005 A068 Or. | ||
| 245 | 0 | 0 |
_aWorld resources, 2005 : _bthe wealth of the poor : managing ecosystems to fight poverty / |
| 246 | 3 |
_aWealth of the poor : _bmanaging ecosystems to fight poverty |
|
| 246 | 3 | 0 | _aManaging ecosystems to fight poverty |
| 260 |
_aWashington, D.C. _bWorld Resources Institute, _c2005. |
||
| 300 |
_ax, 254p. : _billus, tables, graphs, maps ; _c28 cm. |
||
| 500 | _aIncludes index. | ||
| 650 | 0 | _aNatural resources | |
| 650 | 0 | _aEnvironmental health. | |
| 650 | 0 | _aEnvironmental degradation. | |
| 650 | 0 | _aHuman beings | |
| 710 | 2 | _aWorld Resources Institute. | |
| 710 | 2 | _aUnited Nations Environment Programme. | |
| 710 | 2 | _aUnited Nations Development Programme. | |
| 710 | 2 | _aWorld Bank. | |
| 856 | 4 | 0 | _uhttp://www.wri.org |
| 942 | _cEK | ||
| 999 |
_c14580 _d14580 |
||